| 000 | 00869cab a2200229 4500 | ||
|---|---|---|---|
| 001 | ABS44616 | ||
| 008 | 090401t1991 xxu||||| |||| 00| 0 eng d | ||
| 035 | _a(Sirsi) u48026 | ||
| 041 | _aeng | ||
| 110 |
_aAnthony Williams and Partners _93 |
||
| 245 | _aChirk Community Hospital | ||
| 260 | _c1991 | ||
| 350 | _a0 | ||
| 490 |
_aBuilding _v256(7701) 14 June 1991, 51-58(8) |
||
| 520 | _aBuilding Dossier describing the construction of a Community hospital at Chirk developed by the Welsh Health Common Services Authority . Includes a table of energy design data, schedule of accommodation, contracts information, elemental cost analysis and specification notes. | ||
| 650 | _aBUILT ENVIRONMENT-BUILDING COSTS | ||
| 650 | _aENERGY EFFICIENCY | ||
| 650 | _aSPECIFICATIONS | ||
| 690 | _aBUILDING AND CONSTRUCTION-PROJECTS | ||
| 942 | _n0 | ||
| 948 | _c04/03/1997 | ||
| 999 |
_c30185 _d30185 |
||